[Event "Heraklio op"]
[Site "Heraklion"]
[Date "2008.08.28"]
[Round "7"]
[White "Tzardis, Stylianos"]
[Black "Tsilidis, Alexandros"]
[Result "0-1"]
[WhiteElo "2099"]
[BlackElo "2306"]
[PlyCount "52"]
[EventDate "2008.08.23"]
[EventType "swiss"]
[EventRounds "9"]
[EventCountry "GRE"]
[SourceTitle "CBM 126 Extra"]
[Source "ChessBase"]
[SourceDate "2008.11.05"]
[SourceVersion "1"]
[SourceVersionDate "2008.11.05"]
[SourceQuality "1"]

1. d4 f5 2. g3 Nf6 3. Bg2 g6 4. c4 Bg7 5. Nc3 0-0 6. Nf3 d6 7. d5 Na6 8. Nd4 Nc5 9. 0-0 a5 10. a4 Ng4 11. Ra3 Ne5 12. b3 Bd7 13. f4 Ned3 14. Be3 Nb4 15. Na2 Qc8 16. Nxb4 axb4 17. Ra1 Ne4 18. Bxe4 fxe4 19. Rb1 c5 20. dxc6 bxc6 21. Bc1 Bh3 22. Re1 h5 23. e3 Bg4 24. Qc2 e5 25. Ne2 Bf3 26. Kf2 Qh3 0-1

[Event "Heraklio op"]
[Site "Heraklion"]
[Date "2008.08.25"]
[Round "4"]
[White "Tsilidis, Alexandros"]
[Black "Kounalakis, Evryklis"]
[Result "1/2-1/2"]
[WhiteElo "2306"]
[BlackElo "2120"]
[PlyCount "83"]
[EventDate "2008.08.23"]
[EventType "swiss"]
[EventRounds "9"]
[EventCountry "GRE"]
[SourceTitle "CBM 126 Extra"]
[Source "ChessBase"]
[SourceDate "2008.11.05"]
[SourceVersion "1"]
[SourceVersionDate "2008.11.05"]
[SourceQuality "1"]

1. e4 c6 2. d3 d5 3. Nd2 dxe4 4. dxe4 g6 5. Ngf3 Bg7 6. Be2 Nf6 7. 0-0 0-0 8. c3 Qc7 9. Qc2 Nbd7 10. Re1 Nh5 11. g3 e5 12. Nh4 Nhf6 13. a4 a5 14. Nc4 Nb6 15. Nxb6 Qxb6 16. Be3 Qc7 17. f3 Be6 18. b4 Nd7 19. Reb1 Rfb8 20. Qd2 Bf8 21. f4 exf4 22. gxf4 Nf6 23. Bf3 axb4 24. f5 Bd7 25. cxb4 Re8 26. Bf4 Qb6+ 27. Kh1 Rad8 28. a5 Qb5 29. Qc2 Bxb4 30. fxg6 hxg6 31. Nxg6 fxg6 32. Qb3+ Nd5 33. exd5 c5 34. d6+ Be6 35. Qc2 Bf5 36. Bd5+ Kg7 37. Qb2+ Kh7 38. Qf6 Qe2 39. Qf7+ Kh8 40. Rb3 Be4+ 41. Bxe4 Qxe4+ 42. Kg1 1/2-1/2

[Event "Heraklion Gazi op"]
[Site "Heraklion"]
[Date "2007.09.07"]
[Round "7"]
[White "Tsilidis, Alexandros"]
[Black "Fragiadakis, Dimitrios"]
[Result "1-0"]
[WhiteElo "2310"]
[BlackElo "1967"]
[PlyCount "45"]
[EventDate "2007.09.02"]
[EventType "swiss"]
[EventRounds "9"]
[EventCountry "GRE"]
[SourceTitle "EXT 2008"]
[Source "ChessBase"]
[SourceDate "2007.11.25"]
[SourceVersion "1"]
[SourceVersionDate "2007.11.25"]
[SourceQuality "1"]

1. e4 d6 2. d4 Nf6 3. Nc3 g6 4. f3 Bg7 5. Be3 0-0 6. Qd2 e5 7. 0-0-0 Nc6 8. Nge2 Bd7 9. h4 h5 10. Bg5 Qc8 11. Bh6 Kh7 12. Bxg7 Kxg7 13. Nd5 Nxd5 14. exd5 Nxd4 15. Nxd4 exd4 16. Qxd4+ Kh7 17. g4 f5 18. gxh5 gxh5 19. Rg1 Rg8 20. Re1 Rxg1 21. Re7+ Kh6 22. Qe3+ f4 23. Qxf4+ 1-0